| 000 | 008270000a22002170004500 | ||
|---|---|---|---|
| 003 | dpl | ||
| 005 | 20081031125419.0 | ||
| 008 | 081031t xxu||||| |||| 00| 0 eng d | ||
| 010 | _aENG-84699 | ||
| 020 |
_a019568429X _c275.00 (pbk) |
||
| 035 | _aEN-68232 | ||
| 082 | _a338.70954 | ||
| 100 | _aTripathi, Dwijendra | ||
| 245 |
_aThe Concise Oxford history of Indian Business / _cby Dwijendra Tripathi and Jyoti Jumani |
||
| 260 |
_aNew Delhi _bOxford University Press _c2007 |
||
| 300 |
_axiii,265p _c23.5cm |
||
| 500 | _aIncludes bibliographical references and index | ||
| 700 |
_aJumani, Jyoti _cjt auth |
||
| 942 |
_2ddc _cEN _h338.70954 _mTRI |
||
| 999 |
_c18002 _d18002 |
||